LEADER 05273nam 2201093 450 001 9910810035003321 005 20220913184628.0 010 $a0-520-95797-0 024 7 $a10.1525/9780520957978 035 $a(CKB)2550000001115053 035 $a(EBL)1375430 035 $a(SSID)ssj0001157963 035 $a(PQKBManifestationID)11619641 035 $a(PQKBTitleCode)TC0001157963 035 $a(PQKBWorkID)11208873 035 $a(PQKB)10491998 035 $a(MiAaPQ)EBC1375430 035 $a(DE-B1597)519286 035 $a(OCoLC)857711539 035 $a(DE-B1597)9780520957978 035 $a(Au-PeEL)EBL1375430 035 $a(CaPaEBR)ebr10755768 035 $a(CaONFJC)MIL515355 035 $a(EXLCZ)992550000001115053 100 $a20130919h20132013 uy| 0 101 0 $aeng 135 $aur|n|---||||| 181 $ctxt 182 $cc 183 $acr 200 10$aEvolution's rainbow$b[electronic resource] $ediversity, gender, and sexuality in nature and people /$fJoan Roughgarden 205 $aTenth anniversary edition /$bwith a new preface by the author. 210 1$aBerkeley :$cUniversity of California Press,$d[2013] 210 4$dİ2013 215 $a1 online resource (491 p.) 300 $aDescription based upon print version of record. 311 $a0-520-28045-8 311 $a1-299-84104-X 320 $aIncludes bibliographical references and index. 327 $apart one. Animal rainbows -- part two. Human rainbows -- part three. Cultural rainbows. 330 $aIn this innovative celebration of diversity and affirmation of individuality in animals and humans, Joan Roughgarden challenges accepted wisdom about gender identity and sexual orientation. A distinguished evolutionary biologist, Roughgarden takes on the medical establishment, the Bible, social science-and even Darwin himself. She leads the reader through a fascinating discussion of diversity in gender and sexuality among fish, reptiles, amphibians, birds, and mammals, including primates. Evolution's Rainbow explains how this diversity develops from the action of genes and hormones and how people come to differ from each other in all aspects of body and behavior. Roughgarden reconstructs primary science in light of feminist, gay, and transgender criticism and redefines our understanding of sex, gender, and sexuality. Witty, playful, and daring, this book will revolutionize our understanding of sexuality. Roughgarden argues that principal elements of Darwinian sexual selection theory are false and suggests a new theory that emphasizes social inclusion and control of access to resources and mating opportunity. She disputes a range of scientific and medical concepts, including Wilson's genetic determinism of behavior, evolutionary psychology, the existence of a gay gene, the role of parenting in determining gender identity, and Dawkins's "selfish gene" as the driver of natural selection. She dares social science to respect the agency and rationality of diverse people; shows that many cultures across the world and throughout history accommodate people we label today as lesbian, gay, and transgendered; and calls on the Christian religion to acknowledge the Bible's many passages endorsing diversity in gender and sexuality. Evolution's Rainbow concludes with bold recommendations for improving education in biology, psychology, and medicine; for democratizing genetic engineering and medical practice; and for building a public monument to affirm diversity as one of our nation's defining principles. 606 $aBiodiversity 606 $aBiodiversity 606 $aSexual behavior in animals 606 $aGender identity 606 $aGender Identity 606 $aSexual Behavior 606 $aSexual orientation 610 $aanimals. 610 $abible. 610 $abiology. 610 $abody and behavior. 610 $acreatures. 610 $adarwinian sexual selection. 610 $adiversity. 610 $aevolutionary biology. 610 $aevolutionary psychology. 610 $afeminist theory. 610 $agay gene. 610 $agender and sexuality. 610 $agender identity. 610 $agender studies. 610 $agenes and hormones. 610 $ahumans. 610 $aindividuality. 610 $amating opportunities. 610 $amedical establishment. 610 $anatural selection. 610 $areligion. 610 $ascientists. 610 $aselfish gene. 610 $asex gender and sexuality. 610 $asexual orientation. 610 $asocial inclusion. 610 $asocial science. 610 $atheoretical. 610 $atransgender criticism. 610 $awilsons genetic determinism of behavior. 615 0$aBiodiversity. 615 2$aBiodiversity. 615 0$aSexual behavior in animals. 615 0$aGender identity. 615 2$aGender Identity. 615 2$aSexual Behavior. 615 0$aSexual orientation. 676 $a305.3 700 $aRoughgarden$b Joan$0622721 801 0$bMiAaPQ 801 1$bMiAaPQ 801 2$bMiAaPQ 906 $aBOOK 912 $a9910810035003321 996 $aEvolution's rainbow$91092782 997 $aUNINA LEADER 04204nam 2200685 450 001 9910810451103321 005 20201023111955.0 010 $a1-4725-0828-9 010 $a1-4725-0518-2 024 7 $a10.5040/9781472506658 035 $a(CKB)2670000000587107 035 $a(EBL)1894994 035 $a(SSID)ssj0001382303 035 $a(PQKBManifestationID)12586474 035 $a(PQKBTitleCode)TC0001382303 035 $a(PQKBWorkID)11458014 035 $a(PQKB)10921244 035 $a(MiAaPQ)EBC1894994 035 $a(MiAaPQ)EBC6162469 035 $a(OCoLC)1201426924 035 $a(CaBNVSL)mat72506658 035 $a(CaBNVSL)9781472506658 035 $a(EXLCZ)992670000000587107 100 $a20201023d2020 uy 0 101 0 $aeng 135 $aur|n|---||||| 181 $ctxt 182 $cc 183 $acr 200 10$aApplied theatre $edevelopment /$fTim Prentki 210 1$aLondon, England :$cBloomsbury Methuen Drama,$d2020. 210 2$aLondon, England :$cBloomsbury Publishing,$d2020 215 $a1 online resource (305 p.) 225 1 $aApplied theatre 300 $aIncludes index. 311 $a1-322-49754-0 311 $a1-4725-0986-2 320 $aIncludes bibliographical references and index. 327 $aOne. A Conceptual Framework for Theatre for Development: 1. History and Origins of Theatre for Development ; 2. Fool's Play or Juggling with Neoliberalism -- Two. Case Studies: 3. Capacity Building Theatre (and Vice Versa) ; 4. Isolation in Community Theatre ; 5. The Game of Identities: Intercultural Theatre in the Peruvian Amazon ; 6. Imizamo Yethu - 'our efforts' to Engage Through Theatre ; 7. Theatre in Crisis: Moments of Beauty in Applied Theatre ; 8. Exploring Theatre as a Pedagogy for 'Developing Citizens' in an English Primary School ; 9. The Ludic Box: Playful Alternatives from Guatemala for the World ; Afterword: What Next for Theatre for Development?. 330 $a"At once both guide book and provocation, this is an indispensable companion for students and practitioners of applied theatre. It addresses all key aspects: principles, origins, politics and aesthetics in a concise and accessible style designed to appeal both to those who have recently discovered this sub-discipline and to experienced practitioners and academics. Part 1 is divided into two chapters. The first introduces the sub-discipline of Theatre for Development, covering its origins, principles and history, and providing an overview of theatre for development in Western contexts as well as in Africa, Asia, the Indian Subcontinent and Latin America. The second focuses upon theoretical and philosophical issues confronting the discipline and its relationship to contemporary politics, as well as considering its future role. Part 2 consists of seven chapters contributed by leading figures and current practitioners from around the world and covering a diverse range of themes, methodologies and aesthetic approaches. One chapter offers a series of case studies concerned with sexual health education and HIV prevention, drawn from practitioners working in Vietnam, Papua New Guinea, Southern Africa, and China. Other chapters include studies of intercultural theatre in the Peruvian Amazon; a programme of applied theatre conducted in schools in Canterbury, New Zealand, following the 2010 earthquake; an attempt to reinvigorate a community theatre group in South Brazil; and an exchange between a Guatemalan arts collective and a Dutch youth theatre company, besides others"--$cProvided by publisher. 410 0$aApplied theatre. 517 3 $aDevelopment 606 $aTheater and society 606 $aCommunity theater 606 $aTheatre studies$2bicssc 615 0$aTheater and society. 615 0$aCommunity theater. 615 7$aTheatre studies 676 $a792.02/2 686 $aPER011020$2bisacsh 700 $aPrentki$b Tim$01597701 702 $aBalfour$b Michael$f1966- 702 $aPreston$b Sheila$f1968- 801 0$bN 801 1$bCaBNVSL 801 2$bCaBNVSL 906 $aBOOK 912 $a9910810451103321 996 $aApplied theatre$93969214 997 $aUNINA